000 00574nam a2200181Ia 4500
005 20250508152442.0
008 008 250505s9999 xx 000 0 eng d
037 _aTextual
040 _aFEDL
_beng
_cFEDL
041 _aeng
_2eng
084 _a294.555, DAS
_qFEDL
100 _aDas A. C.
245 0 _aModern incarnation of god : A commentary on the life and teaching of Sri Ramakrishna
260 _aCalcutta, India
_bGeneral Printers and Publishers Limited
_c1958
300 _axi,310p.
942 _cTEXL
_h294.555, DAS
999 _c1336511
_d1336511